5 Most Populous Cities in Each European Country - Statistics

General Stats
  • This quiz has been taken 43 times
    41 since last reset
  • The average score is 110 of 217
Answer Stats
Country Population City % Correct
Netherlands 1,136,210 Amsterdam
92%
Greece 643,452 Athens
92%
Montenegro 15,868 Bar
92%
Spain 1,686,208 Barcelona
92%
Portugal 545,796 Lisbon
92%
United Kingdom 8,776,535 London
92%
Spain 3,422,416 Madrid
92%
Italy 1,366,155 Milan
92%
Russia 13,149,803 Moscow
92%
France 2,113,705 Paris
92%
Portugal 231,800 Porto
92%
Italy 2,746,984 Rome
92%
Russia 5,597,763 Saint Petersburg
92%
Germany 3,685,265 Berlin
89%
Switzerland 137,963 Bern
89%
Belgium 196,828 Brussels
89%
Hungary 1,685,342 Budapest
89%
Ireland 131,423 Cork
89%
Ireland 592,713 Dublin
89%
Ukraine 2,952,301 Kyiv
89%
France 520,774 Lyon
89%
France 877,215 Marseille
89%
Monaco 37,808 Monaco
89%
Italy 908,082 Naples
89%
Sweden 1,809,412 Stockholm
89%
Austria 2,028,209 Vienna
89%
Poland 1,861,599 Warsaw
89%
Switzerland 436,370 Zürich
89%
Denmark 1,378,649 Copenhagen
86%
Switzerland 208,991 Geneva
86%
Germany 1,862,565 Hamburg
86%
Finland 684,018 Helsinki
86%
United Kingdom 536,321 Leeds
86%
Luxembourg 136,161 Luxembourg
86%
Germany 1,505,005 Munich
86%
Netherlands 868,135 Rotterdam
86%
San Marino 4,107 San Marino
86%
Vatican City 882 Vatican City
86%
Serbia 1,197,714 Belgrade
83%
United Kingdom 1,121,408 Birmingham
83%
Slovakia 478,040 Bratislava
83%
Romania 1,716,961 Bucharest
83%
Germany 756,021 Frankfurt
83%
Poland 806,201 Kraków
83%
Sweden 339,316 Malmö
83%
Czech Republic 1,301,432 Prague
83%
Iceland 239,733 Reykjavík
83%
Latvia 620,974 Riga
83%
Bosnia and Herzegovina 348,363 Sarajevo
83%
Bulgaria 1,205,548 Sofia
83%
Italy 856,745 Turin
83%
Spain 824,340 Valencia
83%
Croatia 663,592 Zagreb
83%
Germany 1,204,621 Cologne
81%
Sweden 725,729 Gothenburg
81%
Belarus 1,995,471 Minsk
81%
Croatia 149,830 Split
81%
Greece 309,617 Thessaloniki
81%
Albania 389,323 Tirana
81%
Andorra 20,719 Andorra la Vella
78%
Moldova 532,513 Chișinău
78%
Slovenia 284,293 Ljubljana
78%
Kosovo 143,469 Pristina
78%
Spain 686,741 Seville
78%
Estonia 437,817 Tallinn
78%
Liechtenstein 6,031 Vaduz
78%
Belgium 544,759 Antwerp
75%
United Kingdom 506,552 Liverpool
75%
Italy 625,956 Palermo
75%
Austria 157,659 Salzburg
75%
Lithuania 592,156 Vilnius
75%
United Kingdom 631,690 Glasgow
72%
Norway 724,290 Oslo
72%
North Macedonia 422,540 Skopje
72%
Netherlands 851,010 The Hague
72%
Denmark 295,688 Aarhus
69%
Austria 305,314 Graz
69%
Poland 652,015 Łódź
69%
Montenegro 173,024 Podgorica
69%
France 511,684 Toulouse
69%
Switzerland 177,522 Basel
67%
France 353,701 Nice
67%
Ukraine 1,010,537 Odessa
67%
Ukraine 901,645 Donetsk
64%
Ukraine 1,421,125 Kharkiv
64%
Czech Republic 398,510 Brno
61%
Belgium 269,597 Ghent
61%
Austria 213,557 Linz
61%
Russia 1,204,985 Nizhny Novgorod
61%
Netherlands 396,315 Utrecht
61%
Serbia 260,438 Novi Sad
58%
Spain 691,037 Zaragoza
58%
Norway 293,709 Bergen
56%
Austria 132,499 Innsbruck
56%
Lithuania 304,210 Kaunas
56%
Russia 1,318,604 Kazan
56%
Romania 296,598 Cluj-Napoca
53%
Ukraine 968,502 Dnipro
53%
Switzerland 144,809 Lausanne
53%
Poland 673,743 Wrocław
53%
Greece 149,501 Heraklion
50%
Belgium 195,778 Liège
50%
Bosnia and Herzegovina 135,059 Banja Luka
47%
Belgium 204,322 Charleroi
47%
Finland 320,931 Espoo
47%
Ireland 62,702 Limerick
47%
Slovenia 96,302 Maribor
47%
Malta 25,152 Mosta
47%
Finland 260,180 Tampere
47%
Hungary 199,858 Debrecen
44%
Ireland 84,414 Galway
44%
Slovakia 225,044 Košice
44%
Bosnia and Herzegovina 60,195 Mostar
44%
Denmark 120,700 Aalborg
42%
Portugal 146,543 Braga
42%
Albania 101,728 Durrës
42%
Greece 170,755 Patras
42%
Bulgaria 329,489 Plovdiv
42%
Poland 538,439 Poznań
42%
Liechtenstein 6,290 Schaan
42%
Romania 250,849 Timișoara
42%
Belarus 501,802 Gomel
39%
Serbia 178,976 Niš
39%
Czech Republic 282,450 Ostrava
39%
Moldova 133,807 Tiraspol
39%
Sweden 178,098 Uppsala
39%
Bulgaria 318,737 Varna
39%
Romania 263,688 Constanța
36%
Latvia 81,074 Daugavpils
36%
Luxembourg 37,922 Esch-sur-Alzette
36%
Romania 271,692 Iași
36%
Denmark 183,763 Odense
36%
Finland 216,152 Oulu
36%
Hungary 139,330 Pécs
36%
Czech Republic 174,007 Plzeň
36%
Croatia 107,964 Rijeka
36%
Estonia 95,190 Tartu
36%
Norway 216,518 Trondheim
36%
Netherlands 320,365 Eindhoven
33%
Slovenia 25,913 Koper
33%
Ireland 54,313 Waterford
33%
Iceland 19,847 Akureyri
31%
Bulgaria 189,014 Burgas
31%
Lithuania 159,403 Klaipėda
31%
San Marino 11,180 Serravalle
31%
Norway 150,123 Stavanger
31%
Hungary 158,797 Szeged
31%
Albania 66,320 Vlorë
31%
Denmark 71,505 Esbjerg
28%
Iceland 21,847 Keflavík-Njarðvík
28%
Hungary 147,533 Miskolc
28%
Estonia 53,955 Narva
28%
Croatia 75,535 Osijek
28%
Kosovo 76,850 Prizren
28%
Sweden 131,643 Västerås
28%
Croatia 67,309 Zadar
28%
Slovenia 37,122 Celje
25%
Russia 1,177,058 Chelyabinsk
25%
Belarus 358,717 Grodno
25%
Greece 168,151 Piraeus
25%
Slovakia 82,286 Prešov
25%
Bosnia and Herzegovina 74,457 Tuzla
25%
Finland 251,269 Vantaa
25%
Belarus 359,148 Vitebsk
25%
Malta 28,841 Birkirkara
22%
Albania 66,834 Elbasan
22%
Andorra 15,506 Escaldes-Engordany
22%
Belarus 353,338 Mogilev
22%
Montenegro 54,394 Nikšić
22%
Malta 38,615 St. Paul's Bay
22%
Serbia 88,752 Subotica
22%
Bosnia and Herzegovina 70,553 Zenica
22%
Slovakia 80,634 Žilina
22%
Moldova 97,930 Bălți
19%
North Macedonia 69,287 Bitola
19%
San Marino 6,955 Borgo Maggiore
19%
Montenegro 20,168 Budva
19%
Andorra 8,326 Encamp
19%
Kosovo 53,279 Gjilan
19%
Serbia 146,315 Kragujevac
19%
Slovenia 37,605 Kranj
19%
North Macedonia 75,051 Kumanovo
19%
Latvia 68,200 Liepāja
19%
Czech Republic 106,063 Olomouc
19%
Estonia 40,228 Pärnu
19%
Iceland 9,871 Selfoss
19%
Lithuania 110,463 Šiauliai
19%
Liechtenstein 5,705 Triesen
19%
Portugal 171,454 Amadora
17%
Liechtenstein 4,806 Balzers
17%
Luxembourg 22,203 Dudelange
17%
Lithuania 86,606 Panevėžys
17%
Malta 169,567 Qormi
17%
Malta 22,037 Sliema
17%
Bulgaria 121,249 Stara Zagora
17%
Portugal 188,421 Vila Nova de Gaia
17%
Iceland 8,159 Akranes
14%
San Marino 3,583 Domagnano
14%
Liechtenstein 4,735 Eschen
14%
Kosovo 41,809 Gjakova
14%
Latvia 55,953 Jelgava
14%
Latvia 49,861 Jūrmala
14%
Estonia 33,499 Kohtla-Järve
14%
Andorra 5,979 La Massana
14%
Slovakia 76,499 Nitra
14%
Luxembourg 21,086 Pétange
14%
Montenegro 16,419 Pljevlja
14%
North Macedonia 63,308 Prilep
14%
Moldova 47,949 Rîbnița
14%
Moldova 91,882 Bender
11%
Luxembourg 30,789 Differdange
11%
Andorra 7,962 Sant Julià de Lòria
11%
North Macedonia 63,176 Tetovo
11%
Norway 132,358 Bærum
8%
Kosovo 48,472 Ferizaj
6%
Albania 89,395 Kashar
6%
San Marino 2,614 Fiorentino
3%
No matching quizzes found
Score Distribution
Percent of People with Each Score
Percentile by Number Answered
Your Score History
You have not taken this quiz since the last reset